Statistics for Largest World Continents and Oceans

Click here to take the quiz!

General Stats

  • This quiz has been taken 547 times
    (529 since last reset)
  • The average score is 9 of 12

Answer Stats

ContinentOceanAnswer% Correct
155,557,000Pacific Ocean
99%
76,762,000Atlantic Ocean
95%
68,556,000Indian Ocean
90%
44,579,000Asia
84%
30,221,000Africa
81%
24,256,000North America
78%
17,819,000South America
68%
9,938,000Europe
60%
8,112,000Oceania
59%
14,056,000Arctic Ocean
58%
20,327,000Southern Ocean
54%
13,209,000Antarctica
50%

Score Distribution

Percentile by Number Answered

Percent of People with Each Score

Your Score History

You have not taken this quiz since the last reset